[Event "BL 0506 SG Köln Porz - SC Eppingen"]
[Site "?"]
[Date "2005.10.23"]
[Round "2.1"]
[White "Gyimesi, Zoltan"]
[Black "Lutz, Christopher"]
[Result "1-0"]
[WhiteElo "2624"]
[BlackElo "2609"]
[PlyCount "119"]
[EventDate "2005.??.??"]

1. d4 Nf6 2. c4 e6 3. Nf3 b6 4. g3 Ba6 5. Qa4 Bb7 6. Bg2 c5 7. dxc5 Bxc5 8. O-O
O-O 9. Nc3 Be7 10. Rd1 Na6 11. Bf4 Nc5 12. Qc2 Qc8 13. Rac1 Nce4 14. Nd4 Nxc3
15. Qxc3 a6 16. Qb3 Bxg2 17. Kxg2 Qb7+ 18. Qf3 Ra7 19. Qxb7 Rxb7 20. f3 Rc8 21.
e4 Ne8 22. Ne2 Kf8 23. h4 h6 24. Rd3 d6 25. a4 Rc6 26. b3 Bf6 27. Be3 Ke7 28.
f4 h5 29. f5 exf5 30. exf5 Be5 31. Bg5+ Nf6 32. Nf4 Kf8 33. Bxf6 Bxf4 34. gxf4
gxf6 35. Rcd1 Ke7 36. Re1+ Kf8 37. Rde3 Rc8 38. Kf3 b5 39. cxb5 axb5 40. a5 b4
41. Ra1 Ra8 42. Re4 Ra6 43. Rc1 Rb8 44. Rc7 Rxa5 45. Ree7 Rc5 46. Rxf7+ Kg8 47.
Rg7+ Kh8 48. Rh7+ Kg8 49. Rcg7+ Kf8 50. Rf7+ Kg8 51. Rfg7+ Kf8 52. Ra7 Kg8 53.
Rxh5 Rc3+ 54. Kg4 Rxb3 55. Rhh7 Rb1 56. Rag7+ Kf8 57. Kh5 Rh1 58. Rg4 Rb5 59.
Kh6 d5 60. h5 1-0

[Event "BL 0506 SG Köln Porz - SC Eppingen"]
[Site "?"]
[Date "2005.10.23"]
[Round "2.2"]
[White "Van Wely, Loek"]
[Black "Postny, Evgeny"]
[Result "1/2-1/2"]
[WhiteElo "2648"]
[BlackElo "2571"]
[PlyCount "215"]
[EventDate "2005.??.??"]

1. d4 d5 2. c4 c6 3. Nc3 Nf6 4. Nf3 a6 5. a4 e6 6. Bg5 Nbd7 7. Qc2 Qa5 8. cxd5
cxd5 9. Bd2 Qd8 10. Bf4 b6 11. e3 Bb7 12. Bd3 Be7 13. h3 O-O 14. O-O h6 15.
Rfc1 Ra7 16. Qb3 Qa8 17. Rc2 Rc8 18. Rac1 Rc6 19. Na2 Rxc2 20. Rxc2 Ne8 21. Nb4
Nc5 22. dxc5 bxc5 23. Na2 c4 24. Bxc4 dxc4 25. Qxc4 Bxf3 26. gxf3 Qxf3 27. Qc6
Qd1+ 28. Kg2 Nf6 29. Be5 Rd7 30. Rc1 Qd3 31. Nc3 Qg6+ 32. Kf1 Rd2 33. Qf3 Nd7
34. Bd4 Qd3+ 35. Kg2 e5 36. Ba7 Nf6 37. Bb8 e4 38. Qf4 g5 39. Qf5 Qxe3 40. Nd1
Qd3 41. Rc3 Qd7 42. Ne3 Qxf5 43. Nxf5 Nd5 44. Rc8+ Kh7 45. Nxe7 Nxe7 46. Re8
Nc6 47. Be5 e3 48. Bc3 Rxf2+ 49. Kg3 Rf4 50. Rxe3 Rxa4 51. Rf3 Kg8 52. Rf6 Ne7
53. Rb6 h5 54. Rb8+ Kh7 55. Rb7 Re4 56. Kf3 Rf4+ 57. Kg2 Nd5 58. Bd2 Rf5 59.
Ra7 Nf4+ 60. Kh2 Ne6 61. Kg2 Kg6 62. Rxa6 Rd5 63. Bc3 Rd3 64. Kh2 Re3 65. Kg2
h4 66. Rd6 Re2+ 67. Kg1 Re3 68. Kg2 f5 69. Kf2 f4 70. Bd2 Re5 71. Bc3 Re4 72.
b4 g4 73. hxg4 h3 74. Rd3 Ng5 75. Rd6+ Kf7 76. Rf6+ Ke7 77. Rh6 Kf7 78. Rf6+
Ke7 79. Rh6 Re6 80. Rh5 Ne4+ 81. Kf3 Nxc3 82. Kxf4 Re4+ 83. Kf3 Rxb4 84. Rxh3
Nd5 85. Rh7+ Kf6 86. Rh6+ Kf7 87. Rh7+ Kg6 88. Rd7 Rf4+ 89. Kg3 Rd4 90. Kf3 Kf6
91. Rd8 Rf4+ 92. Kg3 Rd4 93. Kf3 Ke6 94. Re8+ Kd7 95. Rh8 Rf4+ 96. Kg3 Rf7 97.
Kh4 Ke6 98. Rh6+ Ke7 99. g5 Rg7 100. Kh5 Nf4+ 101. Kg4 Ng6 102. Kf5 Nf8 103.
Kg4 Ne6 104. Rh5 Kf7 105. Kf5 Nd4+ 106. Ke4 Ne6 107. Kf5 Nc5 108. Rh7 1/2-1/2

[Event "BL 0506 SG Köln Porz - SC Eppingen"]
[Site "?"]
[Date "2005.10.23"]
[Round "2.3"]
[White "Acs, Peter"]
[Black "Vaganian, Rafael A"]
[Result "0-1"]
[WhiteElo "2518"]
[BlackElo "2614"]
[PlyCount "56"]
[EventDate "2005.??.??"]

1. e4 e6 2. d4 d5 3. Nc3 dxe4 4. Nxe4 Nd7 5. Nf3 Ngf6 6. Bg5 h6 7. Nxf6+ Nxf6
8. Bh4 c5 9. Ne5 a6 10. dxc5 Qa5+ 11. c3 Qxc5 12. Qe2 b5 13. O-O-O Bb7 14. Ng6
fxg6 15. Qxe6+ Qe7 16. Qb6 Kf7 17. Bxb5 axb5 18. Bxf6 gxf6 19. Rhe1 Be4 20.
Qxb5 Qe6 21. Qd7+ Qxd7 22. Rxd7+ Ke6 23. Rd4 f5 24. f3 Bc5 25. Rd3 Ke5 26. fxe4
fxe4 27. a3 Rhf8 28. Rh3 h5 0-1

[Event "BL 0506 SG Köln Porz - SC Eppingen"]
[Site "?"]
[Date "2005.10.23"]
[Round "2.5"]
[White "Medvegy, Zoltan"]
[Black "Graf, Alexander"]
[Result "1/2-1/2"]
[WhiteElo "2478"]
[BlackElo "2613"]
[PlyCount "188"]
[EventDate "2005.??.??"]

1. d4 Nf6 2. c4 e6 3. Nf3 d5 4. Nc3 Be7 5. Bg5 h6 6. Bxf6 Bxf6 7. cxd5 exd5 8.
e3 O-O 9. Bd3 c6 10. Qc2 Re8 11. O-O-O Bg4 12. Bh7+ Kh8 13. Bf5 Bxf3 14. gxf3
Na6 15. Kb1 Qd6 16. h4 Rad8 17. h5 c5 18. dxc5 Qxc5 19. Ne2 Qb6 20. Nd4 Nb4 21.
Qb3 Qa5 22. Nc2 Nc6 23. f4 Ne7 24. Bg4 Rd6 25. Qa3 Qc7 26. Nb4 Red8 27. Rc1 Qb8
28. Rhd1 Rb6 29. Nd3 Nc6 30. Qc5 Kg8 31. Bf3 Be7 32. Qc2 Qd6 33. Ka1 Bf6 34.
Rd2 Qa3 35. Qc5 Qa4 36. Bxd5 Rb5 37. Qc4 Qxc4 38. Bxc4 Rxh5 39. a3 Kf8 40. Rcd1
b5 41. Ba2 Na5 42. Kb1 Nc4 43. Bxc4 bxc4 44. Nb4 Rxd2 45. Rxd2 c3 46. bxc3 Bxc3
47. Rd8+ Ke7 48. Nc6+ Ke6 49. Nxa7 Ra5 50. Nc6 Rxa3 51. Kc2 Bf6 52. Nd4+ Bxd4
53. Rxd4 Ra2+ 54. Kd3 Rxf2 55. Re4+ Kf6 56. Re8 h5 57. Rh8 g6 58. Rh7 Ra2 59.
e4 Rf2 60. Ke3 Rf1 61. e5+ Ke6 62. Rh8 Ra1 63. Re8+ Kf5 64. Re7 f6 65. exf6
Kxf6 66. Rb7 h4 67. Kf3 h3 68. Rh7 Kf5 69. Rf7+ Ke6 70. Rh7 Ra2 71. Kg3 Ra1 72.
Rxh3 Kf5 73. Rh4 Ra3+ 74. Kg2 Ra4 75. Kg3 Rb4 76. Kg2 g5 77. Rh8 Kxf4 78. Rf8+
Kg4 79. Rf2 Rb3 80. Ra2 Kh4 81. Ra4+ g4 82. Ra2 Rg3+ 83. Kh2 Rc3 84. Kg2 Rb3
85. Rc2 Rb4 86. Rc3 Rb2+ 87. Kg1 Ra2 88. Rb3 Ra4 89. Kg2 g3 90. Rb2 Rc4 91. Ra2
Kg4 92. Rb2 Kf4 93. Ra2 Re4 94. Rb2 Kg4 1/2-1/2

[Event "BL 0506 SG Köln Porz - SC Eppingen"]
[Site "?"]
[Date "2005.10.23"]
[Round "2.6"]
[White "Gurevich, Mikhail"]
[Black "Mann, Christian"]
[Result "1-0"]
[WhiteElo "2652"]
[BlackElo "2464"]
[PlyCount "53"]
[EventDate "2005.??.??"]

1. c4 Nf6 2. Nc3 g6 3. e4 d6 4. d4 Bg7 5. Nf3 O-O 6. Be2 e5 7. O-O Nc6 8. d5
Ne7 9. Nd2 Nd7 10. b4 f5 11. c5 dxc5 12. bxc5 Nxc5 13. Ba3 Nxe4 14. Ndxe4 fxe4
15. Nxe4 Rf4 16. d6 cxd6 17. Bc4+ Kf8 18. Nxd6 Bf6 19. Qb3 Qb6 20. Bb5 Bg5 21.
g3 Rf6 22. Ne4 Rf5 23. Nxg5 Rxg5 24. Rad1 e4 25. Qc3 Rxb5 26. Qh8+ Kf7 27.
Qxh7+ 1-0

[Event "BL 0506 SG Köln Porz - SC Eppingen"]
[Site "?"]
[Date "2005.10.23"]
[Round "2.7"]
[White "Meinhardt, Maximillian"]
[Black "Van den Doel, Erik"]
[Result "0-1"]
[WhiteElo "2372"]
[BlackElo "2582"]
[PlyCount "63"]
[EventDate "2005.??.??"]

1. e4 e5 2. Nf3 Nc6 3. Bc4 Bc5 4. c3 Nf6 5. d3 d6 6. Nbd2 O-O 7. Bb3 Be6 8. Nc4
b5 9. Ne3 d5 10. Ng5 Bxe3 11. Bxe3 Bg4 12. f3 Bc8 13. Qe2 Na5 14. Bc2 h6 15. h4
Nb7 16. g4 c5 17. O-O-O d4 18. Bd2 dxc3 19. Bxc3 Qe7 20. Rdg1 Nd8 21. f4 exf4
22. Qf3 b4 23. Bxf6 Qxf6 24. Nh3 Qd4 25. Nxf4 Nc6 26. g5 Ne5 27. Qg3 h5 28.
Nxh5 c4 29. Nf4 b3 30. axb3 cxb3 31. Bxb3 Rb8 32. Kc2 0-1

[Event "BL 0506 SG Köln Porz - SC Eppingen"]
[Site "?"]
[Date "2005.10.23"]
[Round "2.8"]
[White "Rotstein, Arkadij"]
[Black "Eisenbeiser, Amadeus"]
[Result "1-0"]
[WhiteElo "2528"]
[BlackElo "2362"]
[PlyCount "91"]
[EventDate "2005.??.??"]

1. Nf3 d6 2. d4 Nf6 3. c4 g6 4. g3 Bg7 5. Bg2 c5 6. Nc3 O-O 7. d5 e6 8. O-O
exd5 9. cxd5 Re8 10. Nd2 Ng4 11. h3 Ne5 12. f4 Ned7 13. e4 f5 14. exf5 gxf5 15.
Nf3 Nf8 16. Bd2 Nbd7 17. Qc2 Nf6 18. Rae1 a6 19. Nh4 Rxe1 20. Rxe1 Qd7 21. Na4
Qc7 22. Nxf5 Bxf5 23. Qxf5 b5 24. Nc3 b4 25. Nd1 Re8 26. Nf2 Rxe1+ 27. Bxe1 a5
28. g4 c4 29. g5 N6d7 30. Qc2 Qc5 31. Kf1 Qe3 32. Qxc4 Bd4 33. Qe2 Qxf4 34. Qe4
Qe5 35. Qxe5 Bxe5 36. Nd3 Bd4 37. a3 Nc5 38. Nxc5 Bxc5 39. axb4 axb4 40. Be4
Nd7 41. Ke2 Ne5 42. b3 Kg7 43. Bd2 Nf7 44. h4 Ne5 45. h5 Nf7 46. Bxh7 1-0

[Event "BL 0506 OSC Baden Baden - SK Zehlendorf"]
[Site "?"]
[Date "2005.10.22"]
[Round "1.2"]
[White "Krasenkow, Michal"]
[Black "Werner, Dimo"]
[Result "1-0"]
[WhiteElo "2655"]
[BlackElo "2376"]
[PlyCount "69"]
[EventDate "2005.??.??"]

1. d4 Nf6 2. c4 c5 3. d5 b5 4. Nf3 e6 5. dxe6 fxe6 6. cxb5 d5 7. e3 Bd6 8. Nbd2
O-O 9. Be2 Bb7 10. O-O Nbd7 11. b3 Qe7 12. Qc2 Rac8 13. Ba3 Ne4 14. Nxe4 dxe4
15. Nd2 Qh4 16. g3 Qh3 17. Nxe4 Nf6 18. Bf3 Bxe4 19. Bxe4 Ng4 20. f4 Nxe3 21.
Qe2 Nxf1 22. Rxf1 Kh8 23. Bf3 Qh6 24. Re1 Rce8 25. Bb2 Bc7 26. Bc3 Rd8 27. Kg2
Rfe8 28. Bc6 Re7 29. Qc4 Qg6 30. Be4 Qh5 31. Bf3 Qf5 32. a4 Red7 33. Rxe6 Rd6
34. Re7 Qc2+ 35. Be2 1-0

[Event "BL 0506 OSC Baden Baden - SK Zehlendorf"]
[Site "?"]
[Date "2005.10.22"]
[Round "1.3"]
[White "Janz, Frerik"]
[Black "Movsesian, Sergei"]
[Result "0-1"]
[WhiteElo "2355"]
[BlackElo "2635"]
[PlyCount "98"]
[EventDate "2005.??.??"]

1. c4 g6 2. d4 Nf6 3. Nc3 Bg7 4. e4 d6 5. f3 O-O 6. Be3 a6 7. Qd2 c6 8. c5 b6
9. cxd6 exd6 10. Bd3 c5 11. Nge2 Nc6 12. O-O Re8 13. Rad1 Bb7 14. Bc2 Qe7 15.
Bg5 Nxd4 16. Nxd4 cxd4 17. Qxd4 Nxe4 18. Bxe7 Bxd4+ 19. Rxd4 Nxc3 20. bxc3 Rxe7
21. Rxd6 b5 22. Rfd1 Rc8 23. Rd8+ Kg7 24. R8d7 Rc7 25. Rxe7 Rxe7 26. Bb3 Bc8
27. Kf2 Rc7 28. Rd3 Bf5 29. Re3 h5 30. Ke2 Kf6 31. h4 g5 32. hxg5+ Kxg5 33. g3
Kf6 34. a3 Rc8 35. Ke1 Be6 36. Bd1 Rh8 37. Re4 Rg8 38. Kf2 Rd8 39. Be2 Rd2 40.
a4 Bc4 41. axb5 axb5 42. f4 h4 43. gxh4 Kf5 44. Ke1 Rxe2+ 45. Rxe2 Bxe2 46.
Kxe2 Kxf4 47. Kd3 Kg4 48. Ke4 f5+ 49. Ke5 b4 0-1

[Event "BL 0506 OSC Baden Baden - SK Zehlendorf"]
[Site "?"]
[Date "2005.10.22"]
[Round "1.5"]
[White "Carmeille, Ludovic"]
[Black "Dautov, Rustem"]
[Result "0-1"]
[WhiteElo "2329"]
[BlackElo "2581"]
[PlyCount "62"]
[EventDate "2005.??.??"]

1. e4 c6 2. d4 d5 3. Nc3 dxe4 4. Nxe4 Bf5 5. Ng3 Bg6 6. h4 h6 7. Nf3 Nd7 8. h5
Bh7 9. Bd3 Bxd3 10. Qxd3 e6 11. Bf4 Qa5+ 12. Bd2 Bb4 13. c3 Be7 14. c4 Qc7 15.
O-O-O Ngf6 16. Ne4 Rd8 17. Kb1 c5 18. Bc3 cxd4 19. Bxd4 O-O 20. b3 a6 21. Qe3
b5 22. Nxf6+ Bxf6 23. cxb5 axb5 24. g4 Rc8 25. Rc1 Qd6 26. Rhd1 Rxc1+ 27. Qxc1
Qd5 28. Bxf6 Qe4+ 29. Qc2 Nxf6 30. Qxe4 Nxe4 31. Nd4 Nc3+ 0-1

[Event "BL 0506 OSC Baden Baden - SK Zehlendorf"]
[Site "?"]
[Date "2005.10.22"]
[Round "1.6"]
[White "Schlosser, Philipp"]
[Black "Klimm, Wolf-Dietrich"]
[Result "1-0"]
[WhiteElo "2560"]
[BlackElo "2287"]
[PlyCount "71"]
[EventDate "2005.??.??"]

1. c4 c5 2. Nf3 Nf6 3. Nc3 b6 4. d4 cxd4 5. Nxd4 Bb7 6. f3 d6 7. e4 e6 8. Be3
Be7 9. Be2 O-O 10. O-O a6 11. Qd2 Qc7 12. Rfc1 Nbd7 13. b4 Rac8 14. Rab1 Qb8
15. Kh1 Bd8 16. Rc2 Re8 17. Bg1 Bc7 18. Na4 Qa8 19. Nb3 Bc6 20. Nb2 Bb7 21. Qc1
h5 22. Bf2 Nxe4 23. fxe4 Bxe4 24. Nd3 Bxg2+ 25. Kg1 Bh1 26. Qf1 e5 27. Qh3 Re6
28. Bg3 h4 29. Bg4 Rh6 30. Bxh4 Bd8 31. Bxd7 Bxh4 32. Bxc8 Rg6+ 33. Kf1 Qe4 34.
Bf5 Rf6 35. Rf2 Bxf2 36. Bxe4 1-0

[Event "BL 0506 OSC Baden Baden - SK Zehlendorf"]
[Site "?"]
[Date "2005.10.22"]
[Round "1.8"]
[White "Doettling, Fabian"]
[Black "Kalabic, Faris"]
[Result "1-0"]
[WhiteElo "2542"]
[BlackElo "2144"]
[PlyCount "79"]
[EventDate "2005.??.??"]

1. d4 Nf6 2. Nf3 g6 3. c4 Bg7 4. Nc3 O-O 5. e4 d6 6. h3 Na6 7. Bg5 Qe8 8. g4 c6
9. Be2 e5 10. d5 Bd7 11. Nd2 cxd5 12. cxd5 b5 13. Be3 h6 14. Qb3 Nc7 15. Qb4
Qe7 16. Qa5 Rfc8 17. f3 a6 18. Nb3 h5 19. O-O-O Rab8 20. a3 b4 21. axb4 Nb5 22.
Bxb5 Bxb5 23. Kb1 Bc4 24. Qa3 hxg4 25. hxg4 Bxb3 26. Qxb3 Qb7 27. Rc1 Qxb4 28.
Qxb4 Rxb4 29. Na2 Rbb8 30. Rxc8+ Rxc8 31. Rc1 Ra8 32. Rc7 Ne8 33. Rd7 Bf6 34.
Nb4 Rb8 35. Bd2 Bg5 36. Nc6 Rxb2+ 37. Kxb2 Bxd2 38. Nd8 f6 39. Ne6 Bb4 40. Re7
1-0

[Event "BL 0506 SG Kirchheim - Leipzig Gohlis"]
[Site "?"]
[Date "2005.10.22"]
[Round "1.2"]
[White "Wippermann, Till"]
[Black "Voigt, Roland"]
[Result "1/2-1/2"]
[WhiteElo "2446"]
[BlackElo "2384"]
[PlyCount "80"]
[EventDate "2005.??.??"]

1. e4 c5 2. Nf3 e6 3. b3 b6 4. d4 cxd4 5. Nxd4 a6 6. c4 Bb7 7. Qc2 Qc7 8. Bd3
Nf6 9. Bb2 Nc6 10. Nxc6 Qxc6 11. Nc3 d6 12. O-O-O Be7 13. f4 O-O-O 14. Kb1 h5
15. Rhe1 Nd7 16. Nd5 Rhe8 17. Nxe7+ Rxe7 18. e5 dxe5 19. Be4 Qc7 20. Ba3 Nc5
21. Bxb7+ Kxb7 22. Rxd8 Qxd8 23. Bxc5 bxc5 24. Rxe5 Rd7 25. Qe4+ Kb6 26. Qe3
Rd1+ 27. Kc2 Qd4 28. Qxd4 Rxd4 29. f5 Rg4 30. fxe6 Rxg2+ 31. Kc3 fxe6 32. Rxe6+
Kb7 33. h4 Rxa2 34. Re7+ Kb6 35. Re6+ Kb7 36. Re7+ Kb6 37. Rxg7 Rh2 38. Rg6+
Ka5 39. Rc6 Rh3+ 40. Kb2 Rxb3+ 1/2-1/2

[Event "BL 0506 SG Kirchheim - Leipzig Gohlis"]
[Site "?"]
[Date "2005.10.22"]
[Round "1.3"]
[White "Roos, Michael"]
[Black "Gschnitzer, Oswald Dr"]
[Result "1/2-1/2"]
[WhiteElo "2371"]
[BlackElo "2427"]
[PlyCount "61"]
[EventDate "2005.??.??"]

1. d4 Nf6 2. c4 e6 3. Nc3 Bb4 4. Qc2 O-O 5. a3 Bxc3+ 6. Qxc3 Ne4 7. Qc2 f5 8.
Nh3 d6 9. f3 Nf6 10. e3 e5 11. dxe5 dxe5 12. Nf2 Nc6 13. Be2 a5 14. b3 f4 15.
O-O fxe3 16. Bxe3 Nd4 17. Qb2 c5 18. Bd3 b6 19. b4 Ra7 20. Rfe1 Qd6 21. Rab1
axb4 22. axb4 Ra4 23. Bxd4 exd4 24. bxc5 bxc5 25. Qb6 Qxb6 26. Rxb6 Ba6 27. Rc6
Bxc4 28. Rxc5 Bxd3 29. Nxd3 Rd8 30. Re2 Nd5 31. Rd2 1/2-1/2

[Event "BL 0506 SG Kirchheim - Leipzig Gohlis"]
[Site "?"]
[Date "2005.10.22"]
[Round "1.4"]
[White "Tompa, Janos"]
[Black "Zesch, Ludwig"]
[Result "1-0"]
[WhiteElo "2408"]
[BlackElo "2292"]
[PlyCount "81"]
[EventDate "2005.??.??"]

1. e4 c5 2. Nf3 d6 3. d4 cxd4 4. Nxd4 Nf6 5. Nc3 g6 6. Be2 Bg7 7. O-O O-O 8.
Kh1 Nc6 9. Nb3 a6 10. Bg5 b5 11. a3 Bb7 12. f4 Rc8 13. Bf3 Nd7 14. Bg4 Rb8 15.
e5 Nb6 16. exd6 Qxd6 17. Qe2 e6 18. Ne4 Qc7 19. Nf6+ Kh8 20. Qf2 Nd7 21. Nxd7
Qxd7 22. Rad1 Qc7 23. Nc5 Bc8 24. b4 Ne7 25. Nd7 Bxd7 26. Bxe7 Bc6 27. Bxf8
Rxf8 28. Qc5 Qb7 29. Bf3 Bxf3 30. Rxf3 Rc8 31. Qf2 Bf6 32. Rfd3 Qe4 33. Qd2 Kg7
34. Re1 Qc4 35. Re2 Qa2 36. h3 Bc3 37. Qe3 Qxa3 38. Rd7 Rc6 39. f5 e5 40. fxg6
hxg6 41. Rf2 1-0

[Event "BL 0506 SG Kirchheim - Leipzig Gohlis"]
[Site "?"]
[Date "2005.10.22"]
[Round "1.5"]
[White "Schoeneberg, Manfred"]
[Black "Beckhuis, Gernod"]
[Result "1/2-1/2"]
[WhiteElo "2322"]
[BlackElo "2328"]
[PlyCount "31"]
[EventDate "2005.??.??"]

1. e4 e6 2. d4 d5 3. Nc3 Nf6 4. e5 Nfd7 5. f4 c5 6. Nf3 a6 7. Be3 b5 8. dxc5
Nxc5 9. a3 Nc6 10. Be2 Qc7 11. O-O Bb7 12. Qe1 O-O-O 13. Rd1 Be7 14. Qf2 Nd7
15. Nd4 Nxd4 16. Bxd4 1/2-1/2

[Event "BL 0506 SG Kirchheim - Leipzig Gohlis"]
[Site "?"]
[Date "2005.10.22"]
[Round "1.6"]
[White "Wintzer, Joachim Dr"]
[Black "Quast, Michael"]
[Result "1/2-1/2"]
[WhiteElo "2324"]
[BlackElo "2281"]
[PlyCount "68"]
[EventDate "2005.??.??"]

1. c4 Nf6 2. g3 g6 3. Bg2 Bg7 4. Nc3 d6 5. d3 c6 6. e4 e5 7. Nge2 O-O 8. O-O
Ne8 9. Be3 Nc7 10. d4 Nba6 11. Qd2 Ne6 12. Rfd1 c5 13. dxe5 dxe5 14. Qxd8 Rxd8
15. Rxd8+ Nxd8 16. Nd5 Nc6 17. Nec3 Nd4 18. Rc1 Bd7 19. Bf1 b6 20. Nb5 Nxb5 21.
cxb5 Nb4 22. Nxb4 cxb4 23. Rc7 Be6 24. Bc4 Rc8 25. Rxc8+ Bxc8 26. Kf1 Bf8 27.
Ke2 Bd6 28. Bh6 Bc5 29. b3 Bd7 30. Kf3 Bf8 31. Bg5 Kg7 32. Bd8 Bd6 33. Ke2 h6
34. f3 Be8 1/2-1/2

[Event "BL 0506 SG Kirchheim - Leipzig Gohlis"]
[Site "?"]
[Date "2005.10.22"]
[Round "1.7"]
[White "Hoffmann, Hendrik"]
[Black "Vonthron, Horst"]
[Result "1/2-1/2"]
[WhiteElo "2288"]
[BlackElo "2339"]
[PlyCount "60"]
[EventDate "2005.??.??"]

1. e4 c5 2. Nf3 d6 3. c3 g6 4. d4 cxd4 5. Qxd4 Nf6 6. Bb5+ Bd7 7. Bxd7+ Qxd7 8.
Bg5 Bg7 9. O-O Nc6 10. Qe3 h6 11. Bh4 g5 12. Bg3 Nh5 13. Nbd2 Qe6 14. Nb3 Nxg3
15. hxg3 O-O-O 16. Nbd4 Nxd4 17. Nxd4 Bxd4 18. cxd4 Kb8 19. a4 f6 20. d5 Qd7
21. Ra3 h5 22. Rb3 h4 23. gxh4 Rxh4 24. a5 Qa4 25. f3 g4 26. f4 Rdh8 27. Kf2
Rg8 28. Kg3 Rgh8 29. Kf2 Rg8 30. Kg3 Rgh8 1/2-1/2

[Event "BL 0506 SG Kirchheim - Leipzig Gohlis"]
[Site "?"]
[Date "2005.10.22"]
[Round "1.8"]
[White "Zuse, Klaus-Peter"]
[Black "Schunk, Thomas"]
[Result "1-0"]
[WhiteElo "2333"]
[BlackElo "2315"]
[PlyCount "99"]
[EventDate "2005.??.??"]

1. c4 c5 2. g3 g6 3. Bg2 Bg7 4. Nc3 Nc6 5. a3 Nf6 6. Rb1 O-O 7. b4 cxb4 8. axb4
d6 9. Nf3 Bf5 10. d3 Qc8 11. O-O Bh3 12. Bd2 Bxg2 13. Kxg2 b6 14. b5 Nd8 15. e4
Qb7 16. Qe2 Ne6 17. Rfe1 Rfe8 18. h3 h6 19. Kh2 Rac8 20. Rbc1 g5 21. Be3 Nf8
22. Bd4 Ne6 23. Bxf6 Bxf6 24. Nd5 Bg7 25. Ne3 Ra8 26. Nf5 a5 27. bxa6 Rxa6 28.
Nxg7 Nxg7 29. Rb1 Ne6 30. Qe3 f6 31. Rb5 Rea8 32. h4 Kf7 33. Kg2 Ra2 34. Rxb6
Qa7 35. Reb1 Rc2 36. hxg5 hxg5 37. e5 dxe5 38. Qe4 Rd8 39. Nxe5+ fxe5 40. Qf5+
Ke8 41. Qxe6 Qa2 42. Qg6+ Kf8 43. Qf5+ Ke8 44. Rb8 Qa5 45. Qg6+ Kf8 46. Qh6+
Kg8 47. Qxg5+ Kf8 48. R1b5 Qc7 49. Qf5+ Kg8 50. R5b6 1-0

[Event "BL 0506 SFR Neukölln - SF Katernberg"]
[Site "?"]
[Date "2005.10.22"]
[Round "1.2"]
[White "Brynell, Stellan"]
[Black "Erenburg, Sergey"]
[Result "1/2-1/2"]
[WhiteElo "2496"]
[BlackElo "2582"]
[PlyCount "145"]
[EventDate "2005.??.??"]

1. d4 d5 2. c4 c6 3. Nc3 Nf6 4. Nf3 e6 5. Bg5 h6 6. Bxf6 Qxf6 7. g3 Nd7 8. Bg2
dxc4 9. O-O Bb4 10. e3 O-O 11. Qe2 Bxc3 12. bxc3 b5 13. Nd2 Bb7 14. a4 a6 15.
Rfb1 Rfb8 16. axb5 cxb5 17. Bxb7 Rxb7 18. Nxc4 e5 19. Qg4 Qe7 20. Nxe5 Nxe5 21.
dxe5 Qxe5 22. Rxa6 Rxa6 23. Qc8+ Kh7 24. Qxb7 Rf6 25. Qxb5 Qxc3 26. Qe2 Rd6 27.
Rd1 Rxd1+ 28. Qxd1 g6 29. Qd5 Kg8 30. g4 Qc8 31. h3 Qc7 32. Kg2 Kg7 33. h4 Qc8
34. Qe5+ Kg8 35. Qe4 Qc5 36. Qe8+ Kg7 37. Qd7 Kg8 38. e4 Qe5 39. Qd3 Qf6 40.
Qg3 g5 41. h5 Qd4 42. Qf3 Kg7 43. Qf5 Qc3 44. e5 Qc6+ 45. Qf3 Qe6 46. Qe4 Kg8
47. Kg3 Qb3+ 48. Qe3 Qb4 49. Qf3 Qe1 50. Qf5 Qg1+ 51. Kf3 Qh1+ 52. Ke2 Qd5 53.
Ke3 Qb3+ 54. Qd3 Qe6 55. Qd8+ Kg7 56. Qd4 Kg8 57. Kf3 Qb3+ 58. Kg2 Qb7+ 59. f3
Qa6 60. Qe3 Qc4 61. Kg3 Qb4 62. Qe2 Qd4 63. Kg2 Qb6 64. Qd2 Qb5 65. f4 Qc4 66.
Kg3 gxf4+ 67. Qxf4 Qc3+ 68. Kg2 Qc2+ 69. Kh3 Qc3+ 70. Qg3 Qc1 71. Qd3 Qf4 72.
Qe2 Kf8 73. e6 1/2-1/2

[Event "BL 0506 SFR Neukölln - SF Katernberg"]
[Site "?"]
[Date "2005.10.22"]
[Round "1.3"]
[White "Kritz, Leonid"]
[Black "Polzin, Rainer"]
[Result "1/2-1/2"]
[WhiteElo "2545"]
[BlackElo "2514"]
[PlyCount "73"]
[EventDate "2005.??.??"]

1. e4 c5 2. Nf3 d6 3. d4 cxd4 4. Nxd4 Nf6 5. Nc3 g6 6. Be3 Bg7 7. f3 O-O 8. Qd2
Nc6 9. Bc4 Bd7 10. O-O-O Rc8 11. Bb3 Nxd4 12. Bxd4 b5 13. Nd5 Nxd5 14. Bxg7
Kxg7 15. exd5 a5 16. a3 b4 17. axb4 axb4 18. Qxb4 Kg8 19. Rhe1 Re8 20. Rd4 Rc5
21. Kd1 Qa8 22. Ke2 Qa7 23. Kf1 Rb8 24. Qd2 Rxb3 25. cxb3 Bb5+ 26. Rc4 Rxc4 27.
bxc4 Bxc4+ 28. Re2 Qb6 29. g3 Qb5 30. Kf2 Bxe2 31. Qxe2 Qxd5 32. Qxe7 Qd4+ 33.
Kf1 Qxb2 34. Qxd6 Qxh2 35. Qb8+ Kg7 36. Qe5+ f6 37. Qc7+ 1/2-1/2

[Event "BL 0506 SFR Neukölln - SF Katernberg"]
[Site "?"]
[Date "2005.10.22"]
[Round "1.4"]
[White "Berndt, Stephan"]
[Black "Chuchelov, Vladimir"]
[Result "0-1"]
[WhiteElo "2447"]
[BlackElo "2534"]
[PlyCount "64"]
[EventDate "2005.??.??"]

1. e4 c5 2. Nf3 e6 3. d4 cxd4 4. Nxd4 a6 5. Bd3 Nf6 6. O-O Qc7 7. c4 Nc6 8.
Nxc6 dxc6 9. f4 e5 10. f5 Bc5+ 11. Kh1 h5 12. Nc3 Ng4 13. Qe1 Bd7 14. Na4 Qd6
15. Nxc5 Qxc5 16. a4 Qd4 17. Ra3 c5 18. Qe2 O-O-O 19. Bc2 g6 20. Rd3 Qxc4 21.
b3 Qb4 22. Bd2 Qb6 23. Rc3 gxf5 24. exf5 Bc6 25. Rg3 Rhg8 26. Bc3 e4 27. h3 Qc7
28. Be1 Nf6 29. Rxg8 Rxg8 30. Bh4 e3 31. Bxf6 Rxg2 32. Qxg2 Bxg2+ 0-1

[Event "BL 0506 SFR Neukölln - SF Katernberg"]
[Site "?"]
[Date "2005.10.22"]
[Round "1.5"]
[White "Glek, Igor V"]
[Black "Borriss, Martin Dr"]
[Result "1/2-1/2"]
[WhiteElo "2566"]
[BlackElo "2424"]
[PlyCount "95"]
[EventDate "2005.??.??"]

1. d4 Nf6 2. Nf3 e6 3. e3 b6 4. Bd3 Bb7 5. O-O d5 6. b3 Nbd7 7. Bb2 Bd6 8. Ne5
O-O 9. f4 Ne4 10. c4 f6 11. Nxd7 Qxd7 12. Nd2 Nxd2 13. Qxd2 f5 14. Rac1 Qe7 15.
c5 bxc5 16. dxc5 Bxc5 17. Bxg7 Kxg7 18. Qc3+ Kf7 19. Qxc5 Qxc5 20. Rxc5 c6 21.
Rfc1 Rfc8 22. b4 Ke7 23. Kf2 Kd6 24. Ra5 Rc7 25. h3 h6 26. g4 fxg4 27. hxg4 Rg8
28. Rxa7 Rxg4 29. Rh1 Rcg7 30. Bf1 R4g6 31. Rh5 c5 32. bxc5+ Kxc5 33. Bh3 Kd6
34. Ke1 Rc7 35. Kd2 Bc8 36. Rxc7 Kxc7 37. Kd3 Kd6 38. Kd4 Ba6 39. Re5 Bc8 40.
Rh5 Bd7 41. Rh4 Bb5 42. Rg4 Rxg4 43. Bxg4 Be8 44. e4 dxe4 45. Kxe4 h5 46. Bh3
Bc6+ 47. Ke3 e5 48. fxe5+ 1/2-1/2

[Event "BL 0506 SFR Neukölln - SF Katernberg"]
[Site "?"]
[Date "2005.10.22"]
[Round "1.6"]
[White "Schneider, Ilja"]
[Black "Senff, Martin"]
[Result "0-1"]
[WhiteElo "2392"]
[BlackElo "2469"]
[PlyCount "96"]
[EventDate "2005.??.??"]

1. e4 c5 2. c3 Nf6 3. e5 Nd5 4. d4 cxd4 5. Nf3 Nc6 6. cxd4 d6 7. Bc4 Nb6 8. Bb3
dxe5 9. d5 Na5 10. Nc3 Nxb3 11. Qxb3 e6 12. Be3 Nxd5 13. O-O Nxe3 14. fxe3 Qb6
15. Qxb6 axb6 16. Nxe5 Bc5 17. Nxf7 Rf8 18. Ne5 Bxe3+ 19. Kh1 Rxf1+ 20. Rxf1
Bd4 21. Nc4 Bd7 22. Ne2 Bf6 23. a3 b5 24. Nb6 Ra6 25. Nxd7 Kxd7 26. Rb1 Rc6 27.
b3 Rc2 28. Nf4 Ra2 29. Rd1+ Ke7 30. g3 Rxa3 31. Rd3 g5 32. Ne2 Ra2 33. Re3 Kd6
34. Kg1 Rd2 35. Kf1 Bd4 36. Rf3 Rd1+ 37. Kg2 Rd2 38. Kf1 Rd1+ 39. Kg2 e5 40. h4
Rd2 41. Kf1 g4 42. Rf7 Rd1+ 43. Kg2 Re1 44. Nxd4 exd4 45. Kf2 Re7 46. Rf4 Kc5
47. Rxg4 d3 48. b4+ Kd5 0-1